Tribhuvan University Central Library

Aviation psychology; (Record no. 66654)

MARC details
000 -LEADER
fixed length control field 00526 a2200157 4500
082 ## - DEWEY DECIMAL CLASSIFICATION NUMBER
Classification number 155.965/
Item number C273a
100 ## - MAIN ENTRY--PERSONAL NAME
Personal name Cassie, Alexander, ed.
245 ## - TITLE STATEMENT
Title Aviation psychology;
Remainder of title studies on accident liability, proficiency criteria and personnel selection.
260 ## - PUBLICATION, DISTRIBUTION, ETC.
Place of publication, distribution, etc. The Hague:
Name of publisher, distributor, etc. Mouton, Paris,
Date of publication, distribution, etc. c1964
300 ## - PHYSICAL DESCRIPTION
Extent 125p.
Other physical details illus.
440 ## - SERIES STATEMENT/ADDED ENTRY--TITLE
Title Psychological studies
Number of part/section of a work 5
504 ## - BIBLIOGRAPHY, ETC. NOTE
Bibliography, etc. note Includes bibliographies
650 ## - SUBJECT ADDED ENTRY--TOPICAL TERM
Topical term or geographic name entry element Aeronautics-psychology
-- Selection
-- Psychological tests
653 ## - INDEX TERM--UNCONTROLLED
Uncontrolled term Psychology
942 ## - ADDED ENTRY ELEMENTS (KOHA)
Source of classification or shelving scheme Dewey Decimal Classification
Koha item type General Collections
Holdings
Withdrawn status Lost status Source of classification or shelving scheme Damaged status Not for loan Home library Current library Date acquired Total Checkouts Full call number Barcode Date last seen Price effective from Koha item type
    Dewey Decimal Classification     Tribhuvan University Central Library Tribhuvan University Central Library 07/01/2013   155.965 C273a 40572 07/01/2013 07/01/2013 General Collections